00482nam a22001817a 450000500170000001000110001702000220002803500110005003700160006108200160007710000170009324500430011026000520015327000260020530000290023165000140026065000260027420190302144338.0 a995086 c18.00a0835675017 a995086 bCen Lib/Ret a133.07bTAI aTaimni, I.K. aScience and occultism /cby I.K.Taimni aMadrasbThe Theosophical Publishing Housec1974 aAdyarbMadrase600020 axxxviii,287p. c21cm(Hb) aOccultism aPhysics -- Philosophy